000 00266nam a2200109Ia 4500
008 200302s9999 xx 000 0 und d
100 _aJ. Raamachandran
245 _aThin Shells Theory & Problems
260 _bUniversity Press Ltd.
260 _c1993
300 _a494 P.,
999 _c941
_d941